| 000 | 00515nam a22001937a 4500 | ||
|---|---|---|---|
| 003 | OSt | ||
| 005 | 20180116183012.0 | ||
| 008 | 150910b xxu||||| |||| 00| 0 eng d | ||
| 020 | _a9780073323060 | ||
| 040 | _c0 | ||
| 082 | _a658.4038 HAA 2008 | ||
| 100 | _aHaag Baltzan Phillips | ||
| 245 |
_aBusiness Driven Technology _cHaag Baltzan Phillips |
||
| 260 |
_aChina _bMcGraw-Hill _c2008 |
||
| 300 |
_a610 P. _bHB |
||
| 440 | _aBusiness Driven Technology | ||
| 600 | _aHaag Baltzan Phillips | ||
| 942 |
_2ddc _cBK |
||
| 999 |
_c350324 _d350324 |
||